Highest Rated Danish Films (IMDb) - Statistics

General Stats
  • This quiz has been taken 78 times
  • The average score is 6 of 16
Answer Stats
Year Director Rating Answer % Correct
2012 Thomas Vinterberg 8.3 The Hunt
76%
1998 Thomas Vinterberg 8.1 The Celebration
63%
2000 Anders Thomas Jensen 7.7 Flickering Lights
43%
1998 Lars von Trier 6.9 The Idiots
43%
1996 Nicolas Winding Refn 7.4 Pusher
41%
2010 Susanne Bier 7.7 In a Better World
32%
2005 Anders Thomas Jensen 7.9 Adam's Apples
30%
1994 Ole Bornedal 7.4 Nightwatch
30%
2004 Nicolas Winding Refn 7.3 Pusher II
30%
1999 Lasse Spang Olsen 7.6 In China They Eat Dogs
29%
2000 Lone Scherfig 7.1 Italian for Beginners
27%
2006 Susanne Bier 7.8 After the Wedding
25%
1987 Gabriel Axel 7.9 Babette's Feast
24%
2003 Anders Thomas Jensen 7.3 The Green Butchers
24%
2008 Ole Christian Madsen 7.3 Flame & Citron
21%
2012 Nikolaj Arcel 7.6 A Royal Affair
19%
No matching quizzes found
Score Distribution
Percent of People with Each Score
Percentile by Number Answered
Your Score History
You have not taken this quiz